Защитим имя и наследие Рерихов
| Other Authors: | |
|---|---|
| Language: | Russian |
| Published: |
Москва, Международный Центр Рерихов, 2001-
|
| Format: | Book |
| KOHA link: | https://koha.lib.tpu.ru/cgi-bin/koha/opac-detail.pl?biblionumber=37947 |
MARC
| LEADER | 00000nam0a2200000 4500 | ||
|---|---|---|---|
| 001 | 37947 | ||
| 005 | 20231031004703.0 | ||
| 035 | |a (RuTPU)RU\TPU\book\38541 | ||
| 090 | |a 37947 | ||
| 100 | |a 20020207d2001 k y0rusy50 ca | ||
| 101 | 0 | |a rus | |
| 102 | |a RU | ||
| 105 | |a y z 000zy | ||
| 200 | 1 | |a Защитим имя и наследие Рерихов |f Под ред. Л. В. Шапошниковой | |
| 210 | |a Москва |c Международный Центр Рерихов |d 2001- | ||
| 702 | 1 | |a Шапошникова |b Л. В. |g Людмила Васильевна |4 340 | |
| 801 | 1 | |a RU |b 63413507 |c 20020207 |g PSBO | |
| 801 | 2 | |a RU |b 63413507 |c 20110121 |g RCR | |
| 942 | |c BK | ||